1982 College Football AP Poll - Statistics

General Stats
  • This quiz has been taken 16 times
  • The average score is 286 of 320
Answer Stats
Week Rank Team W L T Conference % Correct
Preseason 3 Alabama 0 0 SEC
100%
Week 1 (9/6) 4 Alabama 0 0 SEC
100%
Week 2 (9/13) 4 Alabama 1 0 SEC
100%
Week 3 (9/20) 4 Alabama 2 0 SEC
100%
Week 4 (9/27) 5 Alabama 3 0 SEC
100%
Week 5 (10/4) 4 Alabama 4 0 SEC
100%
Week 6 (10/11) 2 Alabama 5 0 SEC
100%
Week 7 (10/18) 7 Alabama 5 1 SEC
100%
Week 8 (10/25) 9 Alabama 6 1 SEC
100%
Week 9 (11/1) 8 Alabama 7 1 SEC
100%
Week 10 (11/8) 17 Alabama 7 2 SEC
100%
Preseason 12 Michigan 0 0 Big Ten
100%
Week 1 (9/6) 12 Michigan 0 0 Big Ten
100%
Week 2 (9/13) 10 Michigan 1 0 Big Ten
100%
Week 3 (9/20) 20 Michigan 1 1 Big Ten
100%
Week 8 (10/25) 20 Michigan 5 2 Big Ten
100%
Week 9 (11/1) 15 Michigan 6 2 Big Ten
100%
Week 10 (11/8) 14 Michigan 7 2 Big Ten
100%
Week 11 (11/15) 13 Michigan 8 2 Big Ten
100%
Week 12 (11/22) 20 Michigan 8 3 Big Ten
100%
Week 13 (11/29) 20 Michigan 8 3 Big Ten
100%
Week 14 (12/6) 19 Michigan 8 3 Big Ten
100%
Preseason 18 Notre Dame 0 0 Independent
100%
Week 1 (9/6) 20 Notre Dame 0 0 Independent
100%
Week 2 (9/13) 20 Notre Dame 0 0 Independent
100%
Week 3 (9/20) 10 Notre Dame 1 0 Independent
100%
Week 4 (9/27) 11 Notre Dame 2 0 Independent
100%
Week 5 (10/4) 10 Notre Dame 3 0 Independent
100%
Week 6 (10/11) 9 Notre Dame 4 0 Independent
100%
Week 7 (10/18) 15 Notre Dame 4 1 Independent
100%
Week 10 (11/8) 13 Notre Dame 6 1 1 Independent
100%
Week 11 (11/15) 18 Notre Dame 6 2 1 Independent
100%
Preseason 14 Ohio State 0 0 Big Ten
100%
Week 1 (9/6) 14 Ohio State 0 0 Big Ten
100%
Week 2 (9/13) 12 Ohio State 1 0 Big Ten
100%
Week 3 (9/20) 13 Ohio State 2 0 Big Ten
100%
Week 12 (11/22) 18 Ohio State 8 3 Big Ten
100%
Week 13 (11/29) 18 Ohio State 8 3 Big Ten
100%
Week 14 (12/6) 17 Ohio State 8 3 Big Ten
100%
Postseason 12 Ohio State 9 3 Big Ten
100%
Preseason 9 Oklahoma 0 0 Big Eight
100%
Week 1 (9/6) 9 Oklahoma 0 0 Big Eight
100%
Week 7 (10/18) 20 Oklahoma 4 2 Big Eight
100%
Week 8 (10/25) 17 Oklahoma 5 2 Big Eight
100%
Week 9 (11/1) 14 Oklahoma 6 2 Big Eight
100%
Week 10 (11/8) 15 Oklahoma 7 2 Big Eight
100%
Week 11 (11/15) 14 Oklahoma 8 2 Big Eight
100%
Week 12 (11/22) 11 Oklahoma 8 2 Big Eight
100%
Week 13 (11/29) 14 Oklahoma 8 3 Big Eight
100%
Week 14 (12/6) 12 Oklahoma 8 3 Big Eight
100%
Postseason 16 Oklahoma 8 4 Big Eight
100%
Preseason 17 Texas 0 0 Southwest
100%
Week 1 (9/6) 17 Texas 0 0 Southwest
100%
Week 2 (9/13) 18 Texas 0 0 Southwest
100%
Week 3 (9/20) 17 Texas 1 0 Southwest
100%
Week 4 (9/27) 15 Texas 2 0 Southwest
100%
Week 5 (10/4) 13 Texas 3 0 Southwest
100%
Week 6 (10/11) 18 Texas 3 1 Southwest
100%
Week 7 (10/18) 19 Texas 3 1 Southwest
100%
Week 10 (11/8) 20 Texas 5 2 Southwest
100%
Week 11 (11/15) 17 Texas 6 2 Southwest
100%
Week 12 (11/22) 14 Texas 7 2 Southwest
100%
Week 13 (11/29) 12 Texas 8 2 Southwest
100%
Week 14 (12/6) 8 Texas 9 2 Southwest
100%
Postseason 17 Texas 9 3 Southwest
100%
Preseason 10 USC 0 0 Pacific-10
100%
Week 1 (9/6) 10 USC 0 0 Pacific-10
100%
Week 2 (9/13) 19 USC 0 1 Pacific-10
100%
Week 3 (9/20) 18 USC 1 1 Pacific-10
100%
Week 4 (9/27) 16 USC 2 1 Pacific-10
100%
Week 5 (10/4) 15 USC 3 1 Pacific-10
100%
Week 6 (10/11) 14 USC 3 1 Pacific-10
100%
Week 7 (10/18) 12 USC 4 1 Pacific-10
100%
Week 8 (10/25) 12 USC 5 1 Pacific-10
100%
Week 9 (11/1) 16 USC 5 2 Pacific-10
100%
Week 10 (11/8) 16 USC 6 2 Pacific-10
100%
Week 11 (11/15) 15 USC 7 2 Pacific-10
100%
Week 12 (11/22) 17 USC 7 3 Pacific-10
100%
Week 13 (11/29) 16 USC 8 3 Pacific-10
100%
Week 14 (12/6) 15 USC 8 3 Pacific-10
100%
Postseason 15 USC 8 3 Pacific-10
100%
Preseason 16 Florida 0 0 SEC
92%
Week 1 (9/6) 11 Florida 1 0 SEC
92%
Week 2 (9/13) 5 Florida 2 0 SEC
92%
Week 3 (9/20) 5 Florida 2 0 SEC
92%
Week 4 (9/27) 4 Florida 3 0 SEC
92%
Week 5 (10/4) 14 Florida 3 1 SEC
92%
Week 9 (11/1) 20 Florida 5 2 Independent
92%
Week 6 (10/11) 19 Florida State 4 1 Independent
92%
Week 7 (10/18) 17 Florida State 5 1 Independent
92%
Week 8 (10/25) 14 Florida State 5 1 Independent
92%
Week 9 (11/1) 12 Florida State 6 1 Independent
92%
Week 10 (11/8) 9 Florida State 7 1 Independent
92%
Week 11 (11/15) 7 Florida State 8 1 Independent
92%
Week 12 (11/22) 15 Florida State 8 2 Independent
92%
Week 13 (11/29) 15 Florida State 8 2 Independent
92%
Postseason 13 Florida State 9 3 Independent
92%
Preseason 7 Georgia 0 0 SEC
92%
Week 1 (9/6) 6 Georgia 0 0 SEC
92%
Week 2 (9/13) 7 Georgia 2 0 SEC
92%
Week 3 (9/20) 7 Georgia 2 0 SEC
92%
Week 4 (9/27) 6 Georgia 3 0 SEC
92%
Week 5 (10/4) 5 Georgia 4 0 SEC
92%
Week 6 (10/11) 4 Georgia 5 0 SEC
92%
Week 7 (10/18) 3 Georgia 6 0 SEC
92%
Week 8 (10/25) 3 Georgia 7 0 SEC
92%
Week 9 (11/1) 3 Georgia 8 0 SEC
92%
Week 10 (11/8) 1 Georgia 9 0 SEC
92%
Week 11 (11/15) 1 Georgia 10 0 SEC
92%
Week 12 (11/22) 1 Georgia 10 0 SEC
92%
Week 13 (11/29) 1 Georgia 11 0 SEC
92%
Week 14 (12/6) 1 Georgia 11 0 SEC
92%
Postseason 4 Georgia 11 1 SEC
92%
Preseason 15 Miami 0 0 Independent
92%
Week 1 (9/6) 19 Miami 0 1 Independent
92%
Week 2 (9/13) 15 Miami 1 1 Independent
92%
Week 3 (9/20) 16 Miami 2 1 Independent
92%
Week 4 (9/27) 17 Miami 3 1 Independent
92%
Week 5 (10/4) 17 Miami 4 1 Independent
92%
Week 6 (10/11) 17 Miami 4 2 Independent
92%
Week 7 (10/18) 16 Miami 5 2 Independent
92%
Week 8 (10/25) 16 Miami 5 2 Independent
92%
Preseason 4 Nebraska 0 0 Big Eight
92%
Week 1 (9/6) 3 Nebraska 0 0 Big Eight
92%
Week 2 (9/13) 3 Nebraska 1 0 Big Eight
92%
Week 3 (9/20) 2 Nebraska 2 0 Big Eight
92%
Week 4 (9/27) 8 Nebraska 2 1 Big Eight
92%
Week 5 (10/4) 7 Nebraska 3 1 Big Eight
92%
Week 6 (10/11) 6 Nebraska 4 1 Big Eight
92%
Week 7 (10/18) 5 Nebraska 5 1 Big Eight
92%
Week 8 (10/25) 6 Nebraska 6 1 Big Eight
92%
Week 9 (11/1) 6 Nebraska 7 1 Big Eight
92%
Week 10 (11/8) 4 Nebraska 8 1 Big Eight
92%
Week 11 (11/15) 4 Nebraska 9 1 Big Eight
92%
Week 12 (11/22) 3 Nebraska 9 1 Big Eight
92%
Week 13 (11/29) 3 Nebraska 10 1 Big Eight
92%
Week 14 (12/6) 3 Nebraska 11 1 Big Eight
92%
Postseason 3 Nebraska 12 1 Big Eight
92%
Preseason 8 Penn State 0 0 Independent
92%
Week 1 (9/6) 7 Penn State 1 0 Independent
92%
Week 2 (9/13) 8 Penn State 2 0 Independent
92%
Week 3 (9/20) 8 Penn State 3 0 Independent
92%
Week 4 (9/27) 3 Penn State 4 0 Independent
92%
Week 5 (10/4) 3 Penn State 4 0 Independent
92%
Week 6 (10/11) 8 Penn State 4 1 Independent
92%
Week 7 (10/18) 9 Penn State 5 1 Independent
92%
Week 8 (10/25) 8 Penn State 6 1 Independent
92%
Week 9 (11/1) 7 Penn State 7 1 Independent
92%
Week 10 (11/8) 5 Penn State 8 1 Independent
92%
Week 11 (11/15) 3 Penn State 9 1 Independent
92%
Week 12 (11/22) 2 Penn State 9 1 Independent
92%
Week 13 (11/29) 2 Penn State 10 1 Independent
92%
Week 14 (12/6) 2 Penn State 10 1 Independent
92%
Postseason 1 Penn State 11 1 Independent
92%
Preseason 1 Pittsburgh 0 0 Independent
92%
Week 1 (9/6) 1 Pittsburgh 0 0 Independent
92%
Week 2 (9/13) 2 Pittsburgh 1 0 Independent
92%
Week 3 (9/20) 3 Pittsburgh 2 0 Independent
92%
Week 4 (9/27) 2 Pittsburgh 3 0 Independent
92%
Week 5 (10/4) 2 Pittsburgh 4 0 Independent
92%
Week 6 (10/11) 3 Pittsburgh 4 0 Independent
92%
Week 7 (10/18) 2 Pittsburgh 5 0 Independent
92%
Week 8 (10/25) 1 Pittsburgh 6 0 Independent
92%
Week 9 (11/1) 1 Pittsburgh 7 0 Independent
92%
Week 10 (11/8) 8 Pittsburgh 7 1 Independent
92%
Week 11 (11/15) 6 Pittsburgh 8 1 Independent
92%
Week 12 (11/22) 5 Pittsburgh 9 1 Independent
92%
Week 13 (11/29) 7 Pittsburgh 9 2 Independent
92%
Week 14 (12/6) 6 Pittsburgh 9 2 Independent
92%
Postseason 10 Pittsburgh 9 3 Independent
92%
Preseason 20 UCLA 0 0 Pacific-10
92%
Week 1 (9/6) 18 UCLA 0 0 Pacific-10
92%
Week 2 (9/13) 14 UCLA 1 0 Pacific-10
92%
Week 3 (9/20) 12 UCLA 2 0 Pacific-10
92%
Week 4 (9/27) 9 UCLA 3 0 Pacific-10
92%
Week 5 (10/4) 8 UCLA 4 0 Pacific-10
92%
Week 6 (10/11) 12 UCLA 4 0 1 Pacific-10
92%
Week 7 (10/18) 11 UCLA 5 0 1 Pacific-10
92%
Week 8 (10/25) 11 UCLA 6 0 1 Pacific-10
92%
Week 9 (11/1) 9 UCLA 7 0 1 Pacific-10
92%
Week 10 (11/8) 12 UCLA 7 1 1 Pacific-10
92%
Week 11 (11/15) 11 UCLA 8 1 1 Pacific-10
92%
Week 12 (11/22) 8 UCLA 9 1 1 Pacific-10
92%
Week 13 (11/29) 5 UCLA 9 1 1 Pacific-10
92%
Week 14 (12/6) 5 UCLA 9 1 1 Pacific-10
92%
Postseason 5 UCLA 10 1 1 Pacific-10
92%
Preseason 2 Washington 0 0 Pacific-10
92%
Week 1 (9/6) 2 Washington 0 0 Pacific-10
92%
Week 2 (9/13) 1 Washington 1 0 Pacific-10
92%
Week 3 (9/20) 1 Washington 2 0 Pacific-10
92%
Week 4 (9/27) 1 Washington 3 0 Pacific-10
92%
Week 5 (10/4) 1 Washington 4 0 Pacific-10
92%
Week 6 (10/11) 1 Washington 5 0 Pacific-10
92%
Week 7 (10/18) 1 Washington 6 0 Pacific-10
92%
Week 8 (10/25) 2 Washington 7 0 Pacific-10
92%
Week 9 (11/1) 10 Washington 7 1 Pacific-10
92%
Week 10 (11/8) 7 Washington 8 1 Pacific-10
92%
Week 11 (11/15) 5 Washington 9 1 Pacific-10
92%
Week 12 (11/22) 13 Washington 9 2 Pacific-10
92%
Week 13 (11/29) 9 Washington 9 2 Pacific-10
92%
Week 14 (12/6) 9 Washington 9 2 Pacific-10
92%
Postseason 7 Washington 10 2 Pacific-10
92%
Week 2 (9/13) 17 West Virginia 1 0 Independent
92%
Week 3 (9/20) 15 West Virginia 2 0 Independent
92%
Week 4 (9/27) 14 West Virginia 3 0 Independent
92%
Week 5 (10/4) 16 West Virginia 3 1 Independent
92%
Week 6 (10/11) 13 West Virginia 4 1 Independent
92%
Week 7 (10/18) 13 West Virginia 5 1 Independent
92%
Week 8 (10/25) 18 West Virginia 5 2 Independent
92%
Week 9 (11/1) 17 West Virginia 6 2 Independent
92%
Week 10 (11/8) 19 West Virginia 7 2 Independent
92%
Week 11 (11/15) 16 West Virginia 8 2 Independent
92%
Week 12 (11/22) 12 West Virginia 9 2 Independent
92%
Week 13 (11/29) 10 West Virginia 9 2 Independent
92%
Week 14 (12/6) 10 West Virginia 9 2 Independent
92%
Postseason 19 West Virginia 9 3 Independent
92%
Preseason 19 Arizona State 0 0 Pacific-10
85%
Week 1 (9/6) 15 Arizona State 1 0 Pacific-10
85%
Week 2 (9/13) 13 Arizona State 2 0 Pacific-10
85%
Week 3 (9/20) 14 Arizona State 3 0 Pacific-10
85%
Week 4 (9/27) 13 Arizona State 4 0 Pacific-10
85%
Week 5 (10/4) 11 Arizona State 5 0 Pacific-10
85%
Week 6 (10/11) 10 Arizona State 6 0 Pacific-10
85%
Week 7 (10/18) 8 Arizona State 7 0 Pacific-10
85%
Week 8 (10/25) 7 Arizona State 7 0 Pacific-10
85%
Week 9 (11/1) 4 Arizona State 8 0 Pacific-10
85%
Week 10 (11/8) 3 Arizona State 9 0 Pacific-10
85%
Week 11 (11/15) 8 Arizona State 9 1 Pacific-10
85%
Week 12 (11/22) 6 Arizona State 9 1 Pacific-10
85%
Week 13 (11/29) 11 Arizona State 9 2 Pacific-10
85%
Week 14 (12/6) 11 Arizona State 9 2 Pacific-10
85%
Postseason 6 Arizona State 10 2 Pacific-10
85%
Preseason 13 Arkansas 0 0 Southwest
85%
Week 1 (9/6) 13 Arkansas 0 0 Southwest
85%
Week 2 (9/13) 9 Arkansas 1 0 Southwest
85%
Week 3 (9/20) 9 Arkansas 2 0 Southwest
85%
Week 4 (9/27) 10 Arkansas 3 0 Southwest
85%
Week 5 (10/4) 9 Arkansas 4 0 Southwest
85%
Week 6 (10/11) 7 Arkansas 5 0 Southwest
85%
Week 7 (10/18) 6 Arkansas 5 0 Southwest
85%
Week 8 (10/25) 5 Arkansas 6 0 Southwest
85%
Week 9 (11/1) 5 Arkansas 7 0 Southwest
85%
Week 10 (11/8) 10 Arkansas 7 1 Southwest
85%
Week 11 (11/15) 9 Arkansas 8 1 Southwest
85%
Week 12 (11/22) 9 Arkansas 8 1 1 Southwest
85%
Week 13 (11/29) 6 Arkansas 8 1 1 Southwest
85%
Week 14 (12/6) 14 Arkansas 8 2 1 Southwest
85%
Postseason 9 Arkansas 9 2 1 Southwest
85%
Week 4 (9/27) 20 Auburn 3 0 SEC
85%
Week 8 (10/25) 19 Auburn 6 1 SEC
85%
Week 13 (11/29) 19 Auburn 8 3 SEC
85%
Week 14 (12/6) 18 Auburn 8 3 SEC
85%
Postseason 14 Auburn 9 3 SEC
85%
Preseason 11 Clemson 0 0 ACC
85%
Week 1 (9/6) 16 Clemson 0 0 ACC
85%
Week 2 (9/13) 16 Clemson 0 1 1 ACC
85%
Week 6 (10/11) 20 Clemson 3 1 1 ACC
85%
Week 7 (10/18) 18 Clemson 4 1 1 ACC
85%
Week 8 (10/25) 15 Clemson 5 1 1 ACC
85%
Week 9 (11/1) 13 Clemson 5 1 1 ACC
85%
Week 10 (11/8) 11 Clemson 6 1 1 ACC
85%
Week 11 (11/15) 10 Clemson 7 1 1 ACC
85%
Week 12 (11/22) 10 Clemson 8 1 1 ACC
85%
Week 13 (11/29) 8 Clemson 9 1 1 ACC
85%
Week 14 (12/6) 7 Clemson 9 1 1 ACC
85%
Postseason 8 Clemson 9 1 1 ACC
85%
Week 3 (9/20) 19 Illinois 3 0 Big Ten
85%
Week 5 (10/4) 20 Illinois 4 1 Big Ten
85%
Week 6 (10/11) 15 Illinois 5 1 Big Ten
85%
Week 5 (10/4) 18 LSU 3 0 SEC
77%
Week 6 (10/11) 16 LSU 3 0 1 SEC
77%
Week 7 (10/18) 14 LSU 4 0 1 SEC
77%
Week 8 (10/25) 13 LSU 5 0 1 SEC
77%
Week 9 (11/1) 11 LSU 6 0 1 SEC
77%
Week 10 (11/8) 6 LSU 7 0 1 SEC
77%
Week 11 (11/15) 12 LSU 7 1 1 SEC
77%
Week 12 (11/22) 7 LSU 8 1 1 SEC
77%
Week 13 (11/29) 13 LSU 8 2 1 SEC
77%
Week 14 (12/6) 13 LSU 8 2 1 SEC
77%
Postseason 11 LSU 8 3 1 SEC
77%
Preseason 5 North Carolina 0 0 ACC
77%
Week 1 (9/6) 5 North Carolina 0 0 ACC
77%
Week 2 (9/13) 11 North Carolina 0 1 ACC
77%
Week 3 (9/20) 11 North Carolina 1 1 ACC
77%
Week 4 (9/27) 12 North Carolina 2 1 ACC
77%
Week 5 (10/4) 12 North Carolina 3 1 ACC
77%
Week 6 (10/11) 11 North Carolina 4 1 ACC
77%
Week 7 (10/18) 10 North Carolina 5 1 ACC
77%
Week 8 (10/25) 10 North Carolina 5 1 ACC
77%
Week 9 (11/1) 18 North Carolina 5 2 ACC
77%
Postseason 18 North Carolina 8 4 ACC
77%
Week 9 (11/1) 19 Maryland 6 2 ACC
69%
Week 10 (11/8) 18 Maryland 7 2 ACC
69%
Week 11 (11/15) 19 Maryland 7 3 ACC
69%
Week 12 (11/22) 16 Maryland 8 3 ACC
69%
Week 13 (11/29) 17 Maryland 8 3 ACC
69%
Week 14 (12/6) 16 Maryland 8 3 ACC
69%
Postseason 20 Maryland 8 4 ACC
69%
Week 4 (9/27) 19 Minnesota 3 0 Big Ten
69%
Preseason 6 SMU 0 0 Southwest
69%
Week 1 (9/6) 8 SMU 0 0 Southwest
69%
Week 2 (9/13) 6 SMU 1 0 Southwest
69%
Week 3 (9/20) 6 SMU 2 0 Southwest
69%
Week 4 (9/27) 7 SMU 3 0 Southwest
69%
Week 5 (10/4) 6 SMU 4 0 Southwest
69%
Week 6 (10/11) 5 SMU 5 0 Southwest
69%
Week 7 (10/18) 4 SMU 6 0 Southwest
69%
Week 8 (10/25) 4 SMU 7 0 Southwest
69%
Week 9 (11/1) 2 SMU 8 0 Southwest
69%
Week 10 (11/8) 2 SMU 9 0 Southwest
69%
Week 11 (11/15) 2 SMU 10 0 Southwest
69%
Week 12 (11/22) 4 SMU 10 0 1 Southwest
69%
Week 13 (11/29) 4 SMU 10 0 1 Southwest
69%
Week 14 (12/6) 4 SMU 10 0 1 Southwest
69%
Postseason 2 SMU 11 0 1 Southwest
69%
Week 4 (9/27) 18 Boston College 2 0 1 Independent
54%
Week 5 (10/4) 19 Boston College 3 0 1 Independent
54%
Week 11 (11/15) 20 Tulsa 9 1 Missouri Valley
31%
Week 12 (11/22) 19 Tulsa 10 1 Missouri Valley
31%
Week 14 (12/6) 20 Tulsa 10 1 Missouri Valley
31%
No matching quizzes found
Score Distribution
Percent of People with Each Score
Percentile by Number Answered
Your Score History
You have not taken this quiz